Structure
I tiakina i:
| Ngā kaituhi matua: | , , |
|---|---|
| Hōputu: | Pukapuka |
| Reo: | Ingarihi |
| I whakaputaina: |
Nueva York
John Wiley
1964
|
| Rangatū: | Structure and Properties of Materials, 1
|
| Ngā marau: | |
| Ngā Tūtohu: |
Tāpirihia he Tūtohu
Kāore He Tūtohu, Me noho koe te mea tuatahi ki te tūtohu i tēnei pūkete!
|
MARC
| LEADER | 00000nam a2200000 a 4500 | ||
|---|---|---|---|
| 001 | UCV8344 | ||
| 003 | CL-VaPUC | ||
| 008 | 910418e19640000US |||||||||||||||||eng|d | ||
| 082 | 0 | 4 | |a 620.11 |b MOF |2 21 |
| 100 | |a Moffatt, William G. |e autor |9 426465 | ||
| 700 | 0 | |a Pearsall, George W |e author |9 302415 | |
| 700 | 0 | |a Wulff, John |e author |9 302416 | |
| 245 | 1 | 0 | |a Structure |
| 300 | |a 236 p | ||
| 942 | |c BK | ||
| 945 | |d 19910418 00:00:00 | ||
| 260 | |a Nueva York |b John Wiley |c 1964 | ||
| 650 | 7 | |a CONSTITUCION DE LA MATERIA |2 CL-VaPUC |9 266499 | |
| 650 | 0 | |a Materiales |9 260800 | |
| 583 | |a last modification |c 19910418 00:00:00 |k Rodrigo Vera | ||
| 490 | 0 | |a Structure and Properties of Materials, 1 | |
| 999 | |c 213879 |d 213877 | ||
| 952 | |0 0 |1 0 |4 0 |6 620_110000000000000_MOF_1964 |7 0 |8 P |9 196706 |a BIBARQ |b BIBARQ |d 2019-11-14 |i 2645254 |o 620.11 MOF 1964 |p 2645254 |r 2025-01-20 |w 2019-11-14 |y BK |k ARQ | ||
| 952 | |0 0 |1 0 |4 0 |6 620_110000000000000_MOF_1964 |7 0 |8 A |9 196707 |a BIBING |b BIBING |d 2019-11-14 |i 1650858 |o 620.11 MOF 1964 |p 1650858 |r 2025-01-20 |w 2019-11-14 |y BK |k EIQ | ||